000 00539nam a2200181Ia 4500
003 GCL
008 140319s9999 xx 000 0 ara d
040 _aGCL /
_cGCL
082 0 4 _a343.04
_bع ا
100 1 _aعزت عبدالقادر
245 1 0 _aالاجراءات العربية امام المأموريات الضريبية /
_cعزت عبدالقادر
260 _a[S.N] :
_bالمجالس ،
_c1990
300 _a359 ص
490 _a
650 0 4 _aالقانون
650 0 4 _aقانون الضرائب
942 _2ddc
_cBK
999 _c53946
_d53946